00996nam a22002177a 4500003000500000005001700005008004100022020003000063040002300093082001800116100002000134245007200154260004700226300004800273490002600321500028800347504001700635521001100652651001700663700009800680322820241009151718.0241009b sa ||||| |||| 00| 0 eng d a9780636 070738cPaperback aRDAbEnglishc3228 aST 500.2 SPIE aSpies, André  aFocus on physical sciences:bGrade 12, Exam Practice BookcA. Spies aCape Town :bMaskew Miller Longman,c2007. aiii, 86 pagesbcolour illustrations:c24 cm aFocusx9780636 070738 a "National curriculum"--Cover Also available in Afrikaans under title: Verken natuur- en skeikunde. Graad 12, Eksamenhersieningsboek. To be used in conjunction with: Focus on physical sciences. Grade 12, [Learner's book]; and: Focus on physical sciences. Grade 12, Teacher's guide. aNot included aJunior aSouth Africa aLouise Banks, MML Studio, MML Studio, Science Photo Library, Mckore Graphics, Mckore Graphics